000 00358pab a2200157 454500
008 180718b2004 xxu||||| |||| 00| 0 eng d
100 _aBhal, Harsh
245 _aSocial security net for organised labour
260 _c2004
300 _ap.13-17.
362 _aMay
650 _aLabour
650 _aSocial security
773 _aYojana
909 _a60453
999 _c60453
_d60453